000 00535nam a2200181Ia 4500
008 200601s9999 xx 000 0 und d
020 _a978-0-87779-917-7
050 _aREF PC 2640
050 _b.M47 2005
245 0 _aMerriam-Webster's French-English dictionary /
260 _aSpringfield, Massachusetts :
260 _bMerriam-Webster. Inc.
260 _c2005
300 _a804 pages :
300 _c18 cm.
650 _aFrench language -- Dictionaries -- English.
650 _xEnglish language -- Dictionaries -- French.
999 _c363385
_d363385